书目信息 |
| 题名: |
托幼机构营养手册
|
|
| 作者: | 杨培云 编 | |
| 分册: | ||
| 出版信息: | 上海 上海科学技术文献出版社 1983 |
|
| 页数: | 144页 | |
| 开本: | 19cm | |
| 丛书名: | ||
| 单 册: | ||
| 中图分类: | R153.2 | |
| 科图分类: | ||
| 主题词: | 婴幼儿-营养卫生--手册 , 营养卫生-婴幼儿--手册 | |
| 电子资源: | ||
| ISBN: | ||
| 000 | 00650nam0 2200241 45 | |
| 001 | 0183006795 | |
| 005 | 20060810110044.73 | |
| 010 | @dCNY0.50 | |
| 091 | @a17192.56 | |
| 100 | @a19950620d1983 em y0chiy0121 ea | |
| 101 | 0 | @achi |
| 102 | @aCN@b310000 | |
| 105 | @ay z 000yy | |
| 200 | 10 | @a托幼机构营养手册@Atuo you ji gou ying yang shou ce@f杨培云编 |
| 210 | @a上海@c上海科学技术文献出版社@d1983 | |
| 215 | @a144页@d19cm | |
| 606 | @a婴幼儿-营养卫生@x手册 | |
| 606 | @a营养卫生-婴幼儿@x手册 | |
| 690 | @aR153.2@v3 | |
| 701 | 0 | @a杨培云@Ayang pei yun@4编 |
| 801 | 2 | @aCN@bNLC@c20060810 |
| 801 | 0 | @aCN@bTSSF |
| 905 | @a10447@dR153.2@e40 | |
| 托幼机构营养手册/杨培云编.-上海:上海科学技术文献出版社,1983 |
| 144页;19cm |
| ISBN :CNY0.50 |
| ● |
| 相关链接 |
|
|
|
|
正题名:托幼机构营养手册
索取号:R153.2/40
 
预约/预借
| 序号 | 登录号 | 条形码 | 馆藏地/架位号 | 状态 | 备注 |
| 1 | 0448563 | 204485636 | 密集书库/ [索取号:R153.2/40] | 在馆 | |
| 2 | 0452130 | 204521302 | 密集书库/ [索取号:R153.2/40] | 在馆 |